<?xml version="1.0" encoding="UTF-8"?>
<record
    xmlns:xsi="http://www.w3.org/2001/XMLSchema-instance"
    xsi:schemaLocation="http://www.loc.gov/MARC21/slim http://www.loc.gov/standards/marcxml/schema/MARC21slim.xsd"
    xmlns="http://www.loc.gov/MARC21/slim">

  <leader>00920nam a2200241 i 4500</leader>
  <controlfield tag="001">185056</controlfield>
  <controlfield tag="003">SpMaBN</controlfield>
  <controlfield tag="005">20250809233111.0</controlfield>
  <controlfield tag="008">160314s1990    sp cfo       |||| |bspa d</controlfield>
  <datafield tag="020" ind1=" " ind2=" ">
    <subfield code="a">84-320-6643-5</subfield>
  </datafield>
  <datafield tag="080" ind1=" " ind2=" ">
    <subfield code="a">821.134.2-94"19"</subfield>
  </datafield>
  <datafield tag="080" ind1=" " ind2=" ">
    <subfield code="a">929 Vallejo-N&#xE1;gera, Juan Antonio</subfield>
  </datafield>
  <datafield tag="100" ind1="1" ind2=" ">
    <subfield code="a">Vallejo-N&#xE1;gera, Juan Antonio,</subfield>
    <subfield code="d">1926-1990</subfield>
    <subfield code="9">112855</subfield>
  </datafield>
  <datafield tag="245" ind1="1" ind2="3">
    <subfield code="a">La puerta de la esperanza / </subfield>
    <subfield code="c">Juan Antonio Vallejo-N&#xE1;gera, Jos&#xE9; Luis Olaizola.</subfield>
  </datafield>
  <datafield tag="246" ind1="3" ind2="4">
    <subfield code="i">Subt. de cub.</subfield>
    <subfield code="a">Libro-testimonio escrito en los &#xFA;ltimos dos meses de su vida</subfield>
  </datafield>
  <datafield tag="250" ind1=" " ind2=" ">
    <subfield code="a">7&#xAA; ed.</subfield>
  </datafield>
  <datafield tag="260" ind1=" " ind2=" ">
    <subfield code="a">[Madrid] : </subfield>
    <subfield code="b">Rialp ; </subfield>
    <subfield code="a">[Barcelona] : </subfield>
    <subfield code="b">Planeta, </subfield>
    <subfield code="c">1990.</subfield>
  </datafield>
  <datafield tag="300" ind1=" " ind2=" ">
    <subfield code="a">255 p., [16] p. de l&#xE1;m. ; </subfield>
    <subfield code="c">21 cm.</subfield>
  </datafield>
  <datafield tag="600" ind1="1" ind2="4">
    <subfield code="a">Vallejo-N&#xE1;gera, Juan Antonio,</subfield>
    <subfield code="d">1926-1990</subfield>
    <subfield code="9">112855</subfield>
  </datafield>
  <datafield tag="700" ind1="1" ind2=" ">
    <subfield code="a">Olaizola, Jos&#xE9; Luis, </subfield>
    <subfield code="d">1927-</subfield>
    <subfield code="9">159058</subfield>
  </datafield>
  <datafield tag="852" ind1=" " ind2=" ">
    <subfield code="a">ES-MaACL</subfield>
    <subfield code="j">L-30257 </subfield>
    <subfield code="z">. - Donat. Miguel A. Velasco</subfield>
  </datafield>
  <datafield tag="999" ind1=" " ind2=" ">
    <subfield code="c">185056</subfield>
    <subfield code="d">185056</subfield>
  </datafield>
  <datafield tag="952" ind1=" " ind2=" ">
    <subfield code="0">0</subfield>
    <subfield code="1">0</subfield>
    <subfield code="4">0</subfield>
    <subfield code="7">0</subfield>
    <subfield code="a">ATENEOM</subfield>
    <subfield code="b">ATENEOM</subfield>
    <subfield code="c">DEPO2</subfield>
    <subfield code="d">2016-03-14</subfield>
    <subfield code="e">DON</subfield>
    <subfield code="l">0</subfield>
    <subfield code="o">L-30257</subfield>
    <subfield code="p">1194924</subfield>
    <subfield code="r">2023-02-23 00:00:00</subfield>
    <subfield code="w">2023-02-23</subfield>
    <subfield code="y">MONOGRAFIA</subfield>
  </datafield>
</record>
